000 00327nam a2200133Ia 4500
008 240624s9999 xx 000 0 und d
041 _aeng
082 _a658.45 BEL
100 _aBELL ARTHUR H
245 _aMANAGEMENT COMMUNICATION
260 _c2005
_aNew York
_bJohn Wiley
300 _ax, : 546 : p. : cm. ; 24
365 _cRS
999 _c3115
_d3115